Change in tourism : people, places, processes

Αποθηκεύτηκε σε:
Λεπτομέρειες βιβλιογραφικής εγγραφής
Άλλοι συγγραφείς: Butler, Richard 1943- (Επιμελητής έκδοσης), Pearce, Douglas G. 1949- (Επιμελητής έκδοσης)
Μορφή: Βιβλίο
Γλώσσα:English
Δημοσίευση: London; New York : Routledge , 1995
Θέματα:
Ετικέτες: Προσθήκη ετικέτας
Δεν υπάρχουν, Καταχωρήστε ετικέτα πρώτοι!

MARC

LEADER 00000nam a2200000 i 4500
001 1/4407
008 960909s1995 eng d
020 |a 0-415-11486-1 
035 |l 10015601 
040 |a GR-MY-UA  |b gre  |e aacr 
041 0 |a eng 
082 0 |a 338.479104 
245 1 0 |a Change in tourism :  |b people, places, processes /  |c Edited by Richard Butler and Douglas Pearce 
260 |a London; New York :   |b Routledge ,   |c 1995 
300 |a 252 p.  |b tables; fig. 
504 |a Includes bibliographical references and index 
650 0 0 |a Tourism. 
700 1 |a Butler, Richard  |d 1943-  |4 edt 
700 1 |a Pearce, Douglas G.  |d 1949-  |4 edt 
852 |a INST  |b LESVOS  |e 19960909  |h 338.479104 CHA  |p 005100012564  |q 005100012564  |t BK  |y 0 
909 |a Λ  |b 046466 
922 |a 1ΕΛΗ  |b 199512  |c ΣΠΙΛΑΝΗΣ 
950 |a 155/1995-10-24